00837nam a2200265Ia 450000500170000000800410001702000150005804100080007310000270008124500850010825000220019330000170021549000240023265000300025665000290028665000320031565000270034770000350037426400280040933600270043733700330046433800280049704000350052508400110056020220316235434.0121119s1999 sp gr 000 0 spa  a842417701X0 aspa1 aMachado, María Clara10aPluft, el fantasmitacMaría Clara Machado, ilustraciones por Teresa González aSegunda edición a77 páginas0 aMontaña encantada14a FantasmasxTeatro 2LEMB14aLectores en marcha2LEMB14a Literatura infantil 2LEMB14aTeatro infantil 2LEMB1 aGonzález, Teresaeilustrador aLeón bEverestc1999 atextobtxt2rdacontent asin mediaciónbn2rdamedia avolumenbnc2rdacarrier aCO-BoRNBPbspaerdacCO-BoRNBP aT MAC8